000 01635cam a2200301 4500
001 ##L133577
008 060519n2006 000 0 eng u
020 _a185112853
_a9781851128532
035 _a(Sirsi) u133577
041 0 _aeng
050 0 4 _a711.1 $2 18
110 1 _aUnited Kingdom
_bOffice of the Deputy Prime Minister
245 0 0 _aStarting out with local development schemes
_bspatial plans in practice: supporting the reform of local planning
260 _aLondon
_bODPM
_c2006
520 _aThe report presents findings from an in-depth investigation into the preparation and early application of Local Development Schemes (LDSs), a new feature of the reformed forward process introduced by government to ensure that Local Development Frameworks are better managed and local development documents are delivered more quickly than development plans under the old system. Provides recommendations about how to improve future LDSs for local authorities, Government Offices and ODPM.
650 2 4 _aLOCAL DEVELOPMENT SCHEMES
650 2 4 _aLOCAL DEVELOPMENT FRAMEWORKS
650 2 4 _aLOCAL DEVELOPMENT DOCUMENTS
651 4 _aEngland
_y886-
690 _aENVIRONMENTAL AND LAND CONSULTANCY-PLANNING AND DEVELOPMENT-PLANNING GUIDANCE-LOCAL DEVELOPMENT PLANS
700 1 _aO'Rourke, Terence
710 2 _aBaker Associates
_94928
710 2 _aUniversity of Liverpool
_94388
710 2 _aUniversity of Manchester
_9720
710 2 _aUniversity of the West of England
_93479
856 4 0 _uhttps://www.communities.gov.uk/index.asp?id=1165332
_zView the report free of charge at www.communities.gov.uk...
942 _n0
999 _c105427
_d105427